000 01773nam0a2200397 4500
001 RU\NLR\BIBL_A\010857461
005 20260406104600.0
010 _a978-5-377-09984-0
_98000
021 _aRU
_b2015-65880
_93938
035 _a(NILC)RuMoRGB-008008310
035 _a(NLR Aleph) 010857461
090 _a10404185
_c10404185
100 _a20151008d2016 |||y0rusy50 ca
101 0 _arus
_aeng
102 _aRU
105 _ay|||j|||000yy
200 1 _aГрамматика английского языка
_eкнига для родителей
_eк учебнику И. Н. Верещагиной и др. "Английский язык. V класс" (М. : Просвещение)
_e5 класс
_fЕ. А. Барашкова
205 _aИзд. 11-е, перераб. и доп.
210 _aМосква
_cЭкзамен
_d2016
_d[т.е. 2015]
215 _a223 с.
_d20
225 1 _aУчебно-методический комплект
225 1 _aФГОС
225 1 _aУМК
225 1 _aEnglish
_eV
300 _aФактическая дата выхода в свет - 2015
606 1 _aАнглийский язык
_jУчебные издания для специализированных учебных заведений
_9972309
_3RU\NLR\AUTH\6646032
606 1 _aАнглийский язык
_jУчебные издания
_xОбучение в семье
_9971032
_3RU\NLR\AUTH\6645375
686 3 _aШ143.21-93рус221[5]
686 1 _aЧ491.7англ.я7
700 1 _8rus
_7ca
_aБарашкова
_bЕ. А.
_gЕлена Александровна
_3RU\NLR\AUTH\7796501
_979427
801 0 _aRU
_bРГБ
_c20150828
_gRCR
942 _cBOOK
980 _aNBR
980 _aNB